| 000 | 00457ntaaa2200169 4500 | ||
|---|---|---|---|
| 003 | 01 | ||
| 005 | 20251027201237.0 | ||
| 008 | 0714s1973 ag 01 | ||
| 040 |
_aAR-BaBN _bspa _cAR-BaBN _eaacr _dRIC |
||
| 082 | _a301.42 L48 | ||
| 100 |
_aLeavell, Marta B. _910559 |
||
| 245 |
_aHacia un hogar cristiano / _cMarta B. Leavell |
||
| 250 |
_a1 ed. : _bCasa Bautista de Publicaciones, _cc/963 |
||
| 300 | _a160 p. | ||
| 650 |
_aHogar Cristiano _92060 |
||
| 942 | _cBK | ||
| 999 |
_c6774 _d6774 |
||